000 00522nam a2200217Ia 4500
008 170918s9999 xx 000 0 und d
020 _a9780310702603
050 _bR918li 2002
100 _aRue, Nancy
245 _aRough & rugged Lily /
245 _cby Nancy Rue.
260 _aGrand Rapids, Michigan :
260 _bZonder Kids,
260 _c2002
300 _a115 pages :
300 _billustrations ;
300 _c21cm.
300 _eLily series ;
440 _a9
440 _vYoung women of faith.
999 _c344304
_d344304